| 000 | 01164nam a22002897i 4500 | ||
|---|---|---|---|
| 003 | DO-SdBNP | ||
| 005 | 20241218093735.0 | ||
| 007 | ta | ||
| 008 | 240404b2022 dr ||||| |||| 00| 0 spa d | ||
| 040 |
_aDO-SdBNP _bspa _cBNPHU _erda |
||
| 041 | _aspa | ||
| 082 | 4 |
_222 _aRD863.44 _bM433m 2022 |
|
| 100 | 1 |
_aMatos Diedoné, Manuel Antonio, _965318 _eautor _4aut. |
|
| 245 | 1 | 0 |
_aMiss Anita : _b(histolendas) / _cManuel Matos Diedoné. |
| 250 | _aSegunda edición | ||
| 264 | 4 |
_aSanto Domingo, República Dominicana : _bImpresora Soto Castillo S. A., _c©2022. |
|
| 300 |
_a192 páginas ; _c19 cm. |
||
| 336 |
_atexto _btxt _2rdacontent |
||
| 337 |
_asin mediación _bn _2rdamedia |
||
| 338 |
_avolumen _bnc _2rdacarrier |
||
| 505 | _aAdvertencia 8 -- Prólogo 9 -- Mamaíta 17 -- Cachita 33 -- Catrina 47 -- Miss Helene 61 -- Vieja Luna 77 -- Engaños de amor 91 -- Donde la mujer de Antonio 1109 -- Regalo de cumpleaños 125 -- Boquita Linda 141 -- Ocupada 159 -- Gisela 173 -- La Casa de los Heiser 183. | ||
| 590 | _aInventariado, 2024 /LP | ||
| 650 | 4 | _aCuentos dominicanos | |
| 650 | 4 | _aLiteratura dominicana | |
| 910 | _aLoPérez | ||
| 942 |
_2ddc _cLBS1 |
||
| 999 |
_c56242 _d56242 |
||